[Event "Taastrup Winter 2nd Nederste"]
[Site "Taastrup"]
[Date "2017.01.10"]
[Round "5"]
[White "Andersen, Vladimir Kloster"]
[Black "Hansen, Jacob Brendstrup"]
[Result "1-0"]
[WhiteElo "1216"]
[BlackElo "1186"]
[PlyCount "87"]
[EventDate "2016.11.11"]
[EventType "swiss"]
[EventRounds "9"]
[EventCountry "DEN"]
[SourceTitle "EXT 2024"]
[Source "ChessBase"]
[SourceDate "2023.10.10"]
[SourceVersion "1"]
[SourceVersionDate "2023.10.10"]
[SourceQuality "1"]

1. e4 d5 2. d4 dxe4 3. Nc3 Nf6 4. g3 Nc6 5. Nge2 Bg4 6. Bg2 Nxd4 7. Qxd4 Bxe2 8. Qxd8+ Rxd8 9. Nxe2 e5 10. 0-0 Bc5 11. Be3 Bxe3 12. fxe3 Rd2 13. Nc3 Rxc2 14. Rab1 Ng4 15. Bxe4 Nxe3 16. Bxc2 Nxc2 17. Nd5 c6 18. Nc7+ Kd7 19. Rxf7+ Kd6 20. Rd1+ Nd4 21. Rxg7 Rc8 22. Rxh7 Rxc7 23. Rxc7 Kxc7 24. h4 c5 25. h5 Nf5 26. g4 Ne7 27. h6 Ng6 28. h7 e4 29. Re1 Nh8 30. Rxe4 Kd6 31. Re8 Ng6 32. Rg8 Ne7 33. h8Q Nxg8 34. Qxg8 b5 35. Kf2 c4 36. Ke2 Ke5 37. Qb8+ Kd4 38. Qxb5 c3 39. bxc3+ Kxc3 40. Qd5 a5 41. Qxa5+ Kb2 42. Qc5 Kb1 43. Kd2 Ka1 44. Kc2 1-0